000 00684nam a22002297a 4500
001 61938
003 BD-RjUL
005 20211209081024.0
008 170122s1966 nyua|||| b||| 001 0 eng d
035 _a(BD-RjUL)62063
040 _aBD-RjUL
_beng
_cBD-RjUL
_dBD-RjUL
041 _aeng
082 _223
_a330
_bLIE 1966
100 _aLipsey, Richard G.
_9184345
245 _aEconomics /
_cRichard G. Lipsey, Peter O. Steiner
260 _aNew York :
_bA Harper International Edition,
_c1966.
300 _axxxii, 760 p. :
_bill. ;
_c24 cm.
504 _aIncludes Bibliography and index.
650 _aEconomics.
_9170576
700 _aSteiner, Peter O.
_9184346
942 _2ddc
_cBK
999 _c61938
_d61938